Country names in Japanese - Statistics

General Stats
  • This quiz has been taken 321 times
  • The average score is 11 of 14
Answer Stats
Japanese Translation % Correct
arumenia Armenia
94%
nihon Japan
93%
supein Spain
91%
indo India
89%
itaria Italy
88%
ejiputo Egypt
86%
chuugoku China
79%
doitsu Germany
79%
kankoku South Korea
68%
girisha Greece
64%
haichi Haiti
62%
kipurosu Cyprus
57%
oranda Netherlands
57%
kita chousen North Korea
54%
No matching quizzes found
Score Distribution
Percent of People with Each Score
Percentile by Number Answered
Your Score History
You have not taken this quiz